000 00639nam a22002537a 4500
003 UA-OsUOA
001 21545
007 ta
008 20031211b un ||||| |||| 00| 0 ukr d
100 _aГаврилишин Олег
090 _a338.242
_bГ124
942 _cBK
040 _aUA-OsUOA
_bukr
_cUA-OsUOA
_dUA-OsUOA
245 _aОсновні елементи теорії ринкової системи
300 _a128 с.
955 _a0
041 _aukr
080 _a338.242
020 _a5-12-003271-0
260 _aКиїв
_bНаукова думка
_c1992
044 _aUA
650 7 _2UDC
999 _c307746
_d307746